Rural Banking in Tamil Nadu / (Record no. 44077)
[ view plain ]
| 000 -LEADER | |
|---|---|
| fixed length control field | 00961nam a22002417a 4500 |
| 003 - CONTROL NUMBER IDENTIFIER | |
| control field | CUTN |
| 005 - DATE AND TIME OF LATEST TRANSACTION | |
| control field | 20250303105531.0 |
| 008 - FIXED-LENGTH DATA ELEMENTS--GENERAL INFORMATION | |
| fixed length control field | 250303b |||||||| |||| 00| 0 eng d |
| 020 ## - INTERNATIONAL STANDARD BOOK NUMBER | |
| International Standard Book Number | 9789390063628 |
| 041 ## - LANGUAGE CODE | |
| Language | English |
| 082 ## - DEWEY DECIMAL CLASSIFICATION NUMBER | |
| Classification number | 332.109 |
| Item number | SEL |
| 100 ## - MAIN ENTRY--PERSONAL NAME | |
| Personal name | Selvan, G. Sengkathir |
| 245 ## - TITLE STATEMENT | |
| Title | Rural Banking in Tamil Nadu / |
| 260 ## - PUBLICATION, DISTRIBUTION, ETC. (IMPRINT) | |
| Place of publication, distribution, etc | Chennai : |
| Name of publisher, distributor, etc | MJP Publishers, |
| Date of publication, distribution, etc | 2022. |
| 300 ## - PHYSICAL DESCRIPTION | |
| Extent | 473 pages : |
| Dimensions | 244 x 170 x 27 mm |
| 505 ## - FORMATTED CONTENTS NOTE | |
| Title | Introduction, Banking Scenario in India: An Overview, Theoritical, Conceptual Frame Work and Review of Literature, Operational Performance of The Canara Bank in Madurai Circle, Tamil Nadu, Rural Banking by Canara Bank in Madurai Circle, Tamil Nadu, Canara Bank and Rural Development Schemes, Summary of Findings, Policy Implications and Conclusions |
| 650 ## - SUBJECT ADDED ENTRY--TOPICAL TERM | |
| Topical term or geographic name as entry element | Rural banking |
| 650 ## - SUBJECT ADDED ENTRY--TOPICAL TERM | |
| Topical term or geographic name as entry element | Tamil Nadu |
| 650 ## - SUBJECT ADDED ENTRY--TOPICAL TERM | |
| Topical term or geographic name as entry element | financial inclusion |
| 700 ## - ADDED ENTRY--PERSONAL NAME | |
| Personal name | Ramaswamy, S. |
| 700 ## - ADDED ENTRY--PERSONAL NAME | |
| Personal name | Manivel, S. |
| 942 ## - ADDED ENTRY ELEMENTS (KOHA) | |
| Source of classification or shelving scheme | Dewey Decimal Classification |
| Koha item type | General Books |
| Withdrawn status | Lost status | Source of classification or shelving scheme | Damaged status | Not for loan | Collection code | Home library | Location | Shelving location | Date of Cataloging | Total Checkouts | Full call number | Barcode | Date last seen | Price effective from | Koha item type |
|---|---|---|---|---|---|---|---|---|---|---|---|---|---|---|---|
| Dewey Decimal Classification | Non-fiction | CUTN Central Library | CUTN Central Library | Social Sciences | 03/03/2025 | 332.109 SEL | 51792 | 03/03/2025 | 03/03/2025 | General Books |
